Players of National Teams - Italy - Statistics

General Stats
  • This quiz has been taken 19 times
  • The average score is 17 of 26
Answer Stats
Pos. Team Player % Correct
GK Manchester City Gianluigi Donnarumma
100%
DM Newcastle United Sandro Tonali
100%
LB Inter Milan Federico Dimarco
89%
GK Tottenham Hotspur Guglielmo Vicario
89%
CM Inter Milan Nicolò Barella
89%
LB Arsenal FC Riccardo Calafiori
89%
CB Inter Milan Alessandro Bastoni
83%
CB AS Roma Gianluca Mancini
78%
RB SSC Napoli Giovanni Di Lorenzo
78%
CB SSC Napoli Alessandro Buongiorno
72%
FW Atalanta BC Gianluca Scamacca
72%
FW Al-Qadsiah Mateo Retegui
72%
CM Inter Milan Davide Frattesi
67%
DM Juventus FC Manuel Locatelli
67%
FW Inter Milan Pio Esposito
67%
GK Atalanta BC Marco Carnesecchi
61%
DM AS Roma Bryan Cristante
56%
FW Atalanta BC Giacomo Raspadori
56%
CB AC Milan Matteo Gabbia
56%
RW SSC Napoli Matteo Politano
56%
LW SS Lazio Mattia Zaccagni
56%
RW Bologna FC Riccardo Orsolini
56%
LM Juventus FC Andrea Cambiaso
50%
DM AC Milan Samuele Ricci
39%
RM Atalanta BC Raoul Bellanova
33%
GK Cagliari Calcio Elia Caprille
17%
No matching quizzes found
Score Distribution
Percent of People with Each Score
Percentile by Number Answered
Your Score History
You have not taken this quiz